000 00944nam a2200301 a 4500
001 000024788
003 DO-SdBNP
005 20250129083138.0
007 ta
008 110204s2010 dr 000 e spa d
020 _a9789993449683
040 _aDO-SdBNP
_bspa
_cBNPHU
_erda
041 _hspa
082 _axxx
_bJ942h
_222
100 1 _aJulián, Aquiles
_d1953-
_eautor
_923960
245 1 0 _aHistorias menores /
_cAquiles Julián
264 _aSan Pedro de Macorís, República Dominicana :
_bUniversidad Central del Este, UCE,
_c2010.
300 _a95 páginas ;
_c23 cm.
336 _ardacontent
_btexto
_2txt
337 _ardamedia
_bsin mediación
_2n
338 _ardacarrier
_bvolumen
_2nc
500 _aIncluye datos biográficos del autor en la solapa de la portada.
586 _aPremio de Cuento UCE, 2009
586 _aPremio X Concurso Literario
590 _aInventariado, 2020/YL
910 _aDG
942 _2ddc
_cLBS1
999 _c48969
_d48969